| 000 | 01198nam a22003257a 4500 | ||
|---|---|---|---|
| 001 | BR7404858 | ||
| 003 | BR-BrBNA | ||
| 005 | 20230928084606.0 | ||
| 007 | ta | ||
| 008 | 230509b bl.||||| |||| 00| 0 por d | ||
| 040 |
_aBR-BrBNA _bpor _cBiblioteca Nacional de Agricultura |
||
| 041 | _a(Por) | ||
| 072 |
_aH20 _b/G514 |
||
| 090 | _ H20 BR7404858 | ||
| 100 | 1 | _aPio-Ribeiro, G. | |
| 110 | 1 |
_aUniversidade Federal de Vicosa, MG (Brasil) _0Tese (Magister Scientiae) |
|
| 245 | 1 | _aEstudo da variedade de isolamentos e culturas monosporicas de Colletotrichum lindemuthianum (Sacc. et Magn.)Scrib. e identificacao de racas fisiologicas que ocorrem em alguns municipios de Minas Gerais, Espirito Santo e Rio de janeiro [Fungo; Antracnose; Brasil] | |
| 260 | 3 |
_aVicosa, MG (Brasil): _c1974. |
|
| 300 | _a66 p. | ||
| 500 | _a7 illus.; 34 ref.; Summary (Por). (*) Documento disponível na(o) Universidade Federal de Vicosa, MG (Brazil) | ||
| 650 | _aDoenca de planta | ||
| 650 | _aFungo | ||
| 650 | _aAntracnose | ||
| 650 | _aRaca fisiologica | ||
| 650 | _aMinas Gerais | ||
| 650 | _aEspirito Santo | ||
| 650 | _aRio de Janeiro | ||
| 909 |
_a202309 _bLucia _c55 _dLucia Elande |
||
| 942 | _cBK | ||
| 999 |
_c19960 _d19960 |
||